Central Library OPAC University of Rajshahi

Militarization and the international arms race in Latin America / (Record no. 5881)

MARC details
000 -LEADER
fixed length control field 01173cam a2200337 a 4500
001 - CONTROL NUMBER
control field 5881
003 - CONTROL NUMBER IDENTIFIER
rucl marc code BD-RjUL
005 - DATE AND TIME OF LATEST TRANSACTION
control field 20211208234139.0
008 - FIXED-LENGTH DATA ELEMENTS--GENERAL INFORMATION
fixed length control field 140108s1985 cou b 001 0 eng d
020 ## - INTERNATIONAL STANDARD BOOK NUMBER
International Standard Book Number 0813300045 :
035 ## - SYSTEM CONTROL NUMBER
System control number (BD-RjUL)5920
040 ## - CATALOGING SOURCE
Original cataloging agency DLC
Transcribing agency DLC
Modifying agency DLC
-- BD-RjUL
Language of cataloging eng
041 ## - LANGUAGE CODE
Language code of text/sound track or separate title eng
082 00 - DEWEY DECIMAL CLASSIFICATION NUMBER
Classification number 355.0098
Author mark and year VAM 1985
Edition number 19
100 1# - MAIN ENTRY--PERSONAL NAME
Personal name Varas, Augusto.
9 (RLIN) 18477
245 10 - TITLE STATEMENT
Title Militarization and the international arms race in Latin America /
Statement of responsibility, etc. by Augusto Varas.
260 ## - PUBLICATION, DISTRIBUTION, ETC. (IMPRINT)
Place of publication, distribution, etc. Boulder :
Name of publisher, distributor, etc. Westview Press,
Date of publication, distribution, etc. 1985.
300 ## - PHYSICAL DESCRIPTION
Pagination xiv, 160 p. ;
Size 24 cm.
490 1# - SERIES STATEMENT
Series statement Foreign relations of the Third World ;
Volume/sequential designation no. 4
504 ## - BIBLIOGRAPHY, ETC. NOTE
Bibliography, etc Includes bibliography and index.
650 #0 - SUBJECT ADDED ENTRY--TOPICAL TERM
Topical term or geographic name as entry element Arms transfers
Geographic subdivision Latin America.
9 (RLIN) 18478
651 #0 - SUBJECT ADDED ENTRY--GEOGRAPHIC NAME
Geographic name Latin America
General subdivision History
Chronological subdivision 20th century.
9 (RLIN) 18479
Geographic name Latin America
General subdivision Armed Forces.
9 (RLIN) 18186
Geographic name Latin America
General subdivision Armed Forces
-- Political activity.
9 (RLIN) 18480
Geographic name Latin America
General subdivision Military relations
Geographic subdivision Foreign countries.
9 (RLIN) 18481
830 #0 - SERIES ADDED ENTRY--UNIFORM TITLE
Volume number/sequential designation no. 4.
Uniform title Foreign relations of the Third World series ;
942 ## - ADDED ENTRY ELEMENTS (KOHA)
Source of classification or shelving scheme Dewey Decimal Classification
Koha item type Books
Holdings
Lost status Source of classification or shelving scheme Damaged status Not for loan Collection code Permanent Location Current Location Shelving location Date acquired Source of acquisition Total Checkouts Full call number Date last seen Copy number Koha item type
  Dewey Decimal Classification   Not For Loan Non-fiction Central Library, University of Rajshahi Central Library, University of Rajshahi   08/03/1989 Asia foundation   355.0098 VAM 1985 08/01/2014 C-1 Books